| 000 | 00606nam a2200193 a 4500 | ||
|---|---|---|---|
| 001 | 10457 | ||
| 005 | 20180713194530.0 | ||
| 008 | 140415s1992 000 0 spa d | ||
| 041 | _aspa | ||
| 082 |
_a501 _bMAR |
||
| 100 | 1 | _aMARDONES, J. M. | |
| 245 | 1 | 0 |
_aFILOSOFIA DE LAS CIENCIAS HUMANAS Y SOCIEDADES : _bMATERIALES PARA UNA FUNDAMENTACION CIENTIFICA |
| 250 | _a3a ed. | ||
| 260 |
_a[s.l.] : _bDISTRIBUCIONES FONTAMARA, _c1992 |
||
| 300 | _a260 | ||
| 490 |
_aFONTAMARA _v18 |
||
| 650 | 1 | 4 |
_aFILOSOFIA DE LA CIENCIA _xFILOSOFIA DEL LENGUAJE _xSOCIOLOGIA |
| 700 | 1 |
_aURSUA, N. _ecoaut. |
|
| 999 |
_c10457 _d10457 |
||